[Event "Botvinnik Cup 2018"]
[Site "Moscow"]
[Date "2018.08.11"]
[Round "4"]
[White "Keller, Rostislav"]
[Black "Sevdimaliyev, Urfan"]
[Result "1/2-1/2"]
[WhiteElo "1735"]
[BlackElo "2388"]
[Annotator "NA"]
[PlyCount "35"]
[EventDate "2018.08.10"]
[EventCountry "RUS"]
[SourceTitle "playchess.com"]
[Source "ChessBase"]
[SourceQuality "1"]
[TimeControl "5400+30"]

1. e4 {[%emt 0:00:00]} e6 {[%emt 0:01:38]} 2. d4 {[%emt 0:00:00]} d5 {[%emt 0:00:09]} 3. Bd3 {[%emt 0:01:23]} dxe4 {[%emt 0:01:14]} 4. Bxe4 {[%emt 0:00:05]} Nf6 {[%emt 0:00:28]} 5. Bf3 {[%emt 0:00:24]} c6 {[%emt 0:01:02]} 6. Ne2 {[%emt 0:00:53]} Nbd7 {[%emt 0:02:05]} 7. O-O {[%emt 0:00:44]} Bd6 {[%emt 0:00:28]} 8. c4 {[%emt 0:03:08]} O-O {[%emt 0:01:53]} 9. Nbc3 {[%emt 0:08:50]} Re8 {[%emt 0:01:49]} 10. Qc2 {[%emt 0:02:26]} e5 {[%emt 0:02:57]} 11. Bg5 {[%emt 0:00:52]} exd4 {[%emt 0:01:07]} 12. Nxd4 {[%emt 0:00:16]} Ne5 {[%emt 0:00:36]} 13. Be4 {[%emt 0:04:10]} h6 {[%emt 0:03:21]} 14. Bxf6 {[%emt 0:15:04]} Qxf6 {[%emt 0:00:19]} 15. Rad1 {[%emt 0:01:40]} Nxc4 {[%emt 0:03:18]} 16. Bh7+ {[%emt 0:02:01]} Kh8 {[%emt 0:08:36]} 17. Ne4 {[%emt 0:00:04]} Qe7 {[%emt 0:04:45]} 18. Qxc4 {[%emt 0:01:54]} 1/2-1/2

[Event "Botvinnik Cup 2018"]
[Site "Moscow"]
[Date "2018.08.11"]
[Round "4"]
[White "Tsotsonava, Elene"]
[Black "Korotylev, Alexey"]
[Result "0-1"]
[WhiteElo "1701"]
[BlackElo "2573"]
[Annotator "RC"]
[PlyCount "80"]
[EventDate "2018.08.10"]
[EventCountry "RUS"]
[SourceTitle "playchess.com"]
[Source "ChessBase"]
[SourceQuality "1"]
[TimeControl "5400+30"]

1. e4 {[%emt 0:00:00]} d6 {[%emt 0:00:04]} 2. d4 {[%emt 0:00:00]} Nf6 {[%emt 0:00:06]} 3. Nc3 {[%emt 0:00:03]} g6 {[%emt 0:00:02]} 4. f4 {[%emt 0:00:08]} Bg7 {[%emt 0:00:27]} 5. Nf3 {[%emt 0:01:00]} c5 {[%emt 0:00:30]} 6. d5 {[%emt 0:13:18]} O-O {[%emt 0:00:03]} 7. a4 {[%emt 0:01:12]} e6 {[%emt 0:01:20]} 8. Be2 {[%emt 0:01:52]} exd5 {[%emt 0:00:03]} 9. exd5 {[%emt 0:00:06]} Na6 {[%emt 0:00:57]} 10. O-O {[%emt 0:00:16]} Nb4 {[%emt 0:01:53]} 11. Bc4 {[%emt 0:15:41]} Bf5 {[%emt 0:00:21]} 12. Rf2 {[%emt 0:00:57]} Ng4 {[%emt 0:02:39]} 13. Re2 {[%emt 0:00:21]} Re8 {[%emt 0:00:27]} 14. h3 {[%emt 0:12:56]} Nf6 {[%emt 0:02:42]} 15. Bb3 {[%emt 0:00:13]} c4 {[%emt 0:07:05]} 16. Bxc4 {[%emt 0:03:44]} Rxe2 {[%emt 0:00:09]} 17. Qxe2 {[%emt 0:00:33]} Nxc2 {[%emt 0:01:20]} 18. Ra2 {[%emt 0:01:33]} Nb4 {[%emt 0:01:52]} 19. Ra3 {[%emt 0:00:43]} Rc8 {[%emt 0:06:09]} 20. Rb3 {[%emt 0:01:55]} a5 {[%emt 0:00:28]} 21. Be3 {[%emt 0:00:57]} Qc7 {[%emt 0:00:10]} 22. Nd2 {[%emt 0:01:29]} h5 {[%emt 0:01:32]} 23. Qf2 {[%emt 0:01:26]} Qe7 {[%emt 0:01:52]} 24. Bb6 {[%emt 0:02:32]} Bc2 {[%emt 0:03:52]} 25. Ra3 {[%emt 0:01:09]} Bd3 {[%emt 0:03:40]} 26. Bxa5 {[%emt 0:11:59]} Bxc4 {[%emt 0:00:07]} 27. Bxb4 {[%emt 0:00:10]} Nxd5 {[%emt 0:02:00]} 28. Nxd5 {[%emt 0:01:42]} Bxd5 {[%emt 0:00:08]} 29. Rd3 {[%emt 0:00:40]} Qe6 {[%emt 0:00:12]} 30. Nf3 {[%emt 0:02:00]} Rc4 {[%emt 0:01:38]} 31. Qd2 {[%emt 0:07:10]} Bxf3 {[%emt 0:00:51]} 32. Rxf3 {[%emt 0:00:33]} d5 {[%emt 0:03:27]} 33. f5 {[%emt 0:05:34]} Qb6+ {[%emt 0:03:50]} 34. Kh1 {[%emt 0:01:02]} Qxb4 {[%emt 0:02:27]} 35. Qxd5 {[%emt 0:00:12]} Rd4 {[%emt 0:00:04]} 36. Qb3 {[%emt 0:01:59]} Qxb3 {[%emt 0:01:21]} 37. Rxb3 {[%emt 0:00:05]} Rd1+ {[%emt 0:00:12]} 38. Kh2 {[%emt 0:00:05]} Be5+ {[%emt 0:00:58]} 39. g3 {[%emt 0:00:03]} h4 {[%emt 0:00:05]} 40. Rxb7 {[%emt 0:00:16]} hxg3+ {[%emt 0:00:38]} 0-1

[Event "Botvinnik Cup 2018"]
[Site "Moscow"]
[Date "2018.08.12"]
[Round "5"]
[White "Kovalev, Vladislav"]
[Black "Ahmadzada, Ahmad"]
[Result "1-0"]
[WhiteElo "2667"]
[BlackElo "2342"]
[Annotator "TA"]
[PlyCount "157"]
[EventDate "2018.08.10"]
[EventCountry "RUS"]
[SourceTitle "playchess.com"]
[Source "ChessBase"]
[SourceQuality "1"]

{[%evp 20,157,56,52,123,50,66,66,67,66,63,59,59,17,17,16,8,0,0,0,3,4,14,3,4,3,15,15,10,8,14,8,17,16,15,10,11,9,16,10,16,16,16,16,16,3,3,4,16,8,16,2,2,0,16,2,4,0,16,8,8,9,16,16,20,20,33,0,16,11,14,9,9,9,9,9,16,9,9,9,15,9,9,9,9,9,9,0,0,0,0,0,9,9,9,9,9,8,9,9,9,9,12,12,12,9,12,9,9,12,12,12,57,12,189,189,189,189,565,565,565,549,491,315,315,315,315,315,315,315,315,315,29977,29978,29978,29979,29979,29980,29978,29979]} 1. e4 e6 2. d4 d5 3. Nd2 c5 4. Ngf3 cxd4 5. Nxd4 Nc6 6. Bb5 Bd7 7. Nxc6 bxc6 8. Bd3 Bd6 {C07: Französische Verteidigung (Tarrasch-Variante)} 9. Qe2 Qc7 (9... Ne7 10. Nf3 h6 11. c4 O-O 12. O-O a5 13. Re1 a4 14. Bd2 Rb8 15. Bc3 Bb4 16. Ne5 Bxc3 17. bxc3 {½-½ (52) Navara,D (2740)-Kovalenko,I (2639) Katowice 2017}) 10. Nf3 Bf4 11. O-O {LiveBook: 3 Partien} Ne7 (11... Bxc1 $14 12. Raxc1 (12. Rfxc1 dxe4 13. Qxe4 Nf6 $16) 12... dxe4 13. Qxe4 Nf6) 12. c4 $146 ({Besser ist} 12. Bxf4 $16 Qxf4 13. c4) ({Vorgänger:} 12. e5 Bxc1 13. Raxc1 c5 14. c4 d4 15. Rfe1 Ng6 16. g3 h6 {½-½ (24) Wieczorek,O (2416)-Friedrich,W (2249) Germany 2016}) 12... O-O $14 13. e5 Ng6 14. g3 Bxc1 15. Raxc1 c5 16. h4 (16. b4 $5) 16... dxc4 17. Be4 Rab8 18. h5 Ne7 19. Rfd1 h6 20. Qxc4 Rxb2 21. Qxc5 Qxc5 22. Rxc5 Ba4 23. Rd2 Rxd2 24. Nxd2 Rd8 25. Nb3 Rc8 26. Rxc8+ Nxc8 $11 {[%mdl 4096] Endspiel KLS-KLS} 27. f4 f6 28. Kf2 fxe5 29. fxe5 Kf7 30. Ke3 Ke7 31. Kd4 Nb6 32. Bf3 Nd7 33. Na5 Kd8 34. Nb7+ Ke7 35. g4 Nb8 36. Na5 Nd7 37. Nc4 Nb8 38. Na5 Nd7 39. Be2 Kd8 40. Nb7+ Ke7 41. Nd6 Nb6 42. Kc5 Nd7+ 43. Kd4 (43. Kb4 $5 {[%cal Rb4a4]} Nxe5 44. Nc8+ Kd7 45. Nxa7 $14) 43... Nb6 44. Bf3 Kd8 45. g5 hxg5 46. Nf7+ Ke7 47. Nxg5 Bd7 48. Nh3 Be8 49. Nf4 Bf7 50. Bc6 Nd7 51. a4 Nb8 52. Bb5 Nd7 53. a5 Nb8 54. Kc5 Nd7+ $1 55. Kd4 Nf8 56. Bc6 g5 57. hxg6 Nxg6 58. Nd3 Kd8 59. Be4 Ne7 60. Kc5 {Und Kd6 würde nun gewinnen.} Kc7 61. Nf4 Kd7 62. Ne2 Bg6 63. Bf3 {und nun wäre Sd4 stark für Weiss.} Bf5 64. Nd4 Ng6 $1 65. Nc6 {Schwarz muss nun Kd4 beachten.} Kc7 66. Bh1 Kb7 $2 (66... Bd3 $11) 67. Kd6 $1 $18 {Droht Sb4+ und aus.} Ka6 {[#]} 68. Bg2 $1 Nf4 $2 (68... Nxe5 {ist eine bessere Chance.} 69. Kxe5 Kb5) 69. Bf1+ Kb7 70. Nb4 Be4 71. Ba6+ Kb8 72. Nc6+ Bxc6 73. Kxc6 {KL-KS} Ng6 74. Kd6 Nf4 75. Kd7 ({Viel schwächer ist} 75. Bc4 Kb7 $18) 75... Nd5 $2 (75... Ng6 $18 76. Kxe6 Kc7) 76. Bc4 {Weiß setzt Matt.} Nf4 77. Bxe6 Kb7 {[#]} 78. Bc4 $1 Ng6 79. Kd6 {Precision: Weiß = 58%, Schwarz = 57%.} 1-0

[Event "Botvinnik Cup 2018"]
[Site "Moscow"]
[Date "2018.08.12"]
[Round "5"]
[White "Kovalev, Vladislav"]
[Black "Atakishiyev, Elmar"]
[Result "1-0"]
[WhiteElo "2667"]
[BlackElo "2198"]
[Annotator "TA"]
[PlyCount "101"]
[EventDate "2018.08.10"]
[EventCountry "RUS"]
[SourceTitle "playchess.com"]
[Source "ChessBase"]
[SourceQuality "1"]

{[%evp 21,101,-31,0,-53,0,-10,45,-39,-19,-16,0,-9,-23,-56,28,22,83,86,90,109,124,-51,-39,-37,11,-165,-166,-153,0,0,0,0,0,-11,-11,-1,25,0,15,23,21,39,50,59,75,75,78,69,158,162,165,147,206,208,199,177,343,299,271,8,12,0,447,445,4116,4129,4141,4141,4140,4140,4133,4133,29993,29994,29994,29995,29995,29996,29996,29997,29997,29998]} 1. d4 Nf6 2. Bf4 d5 3. e3 e6 4. Nd2 Bd6 5. Bg3 b6 6. Ngf3 Bb7 7. Bd3 O-O 8. c3 c5 9. Ne5 Nc6 {[%cal Bb8c6,Bc6e7,Be7g6][%mdl 32]} 10. Qb1 {D02: Damenbauernspiele} (10. O-O Qc7 11. f4 Ne7 12. Qb1 Qc8 13. Bh4 Nf5 14. Bxf5 exf5 15. Bxf6 gxf6 16. Nef3 Qe6 17. Re1 Ba6 18. Nh4 cxd4 19. exd4 {1-0 (28) Korobov,A (2692)-Dominguez Perez,L (2739) Doha 2016}) 10... Ne7 11. f4 Ng6 {LiveBook: 3 Partien} 12. h4 (12. O-O $11) 12... Nh5 $146 ({Vorgänger:} 12... cxd4 13. cxd4 Bb4 14. Qd1 Ne4 15. Bxe4 dxe4 16. Nxg6 hxg6 17. h5 gxh5 18. Qxh5 {1-0 (26) Bern,I (2275)-Weerakoon,I (2215) Baguio City 1987}) 13. Bf2 $1 f5 (13... cxd4 $11 14. cxd4 Bb4) 14. g4 (14. Qd1 $14 Nf6 15. h5) 14... fxg4 {Und weiter mit ...Lxe5 wäre nett.} 15. Bxg6 hxg6 16. Qxg6 Qe8 17. Qxg4 Nf6 (17... cxd4 $1 $15 18. cxd4 Rc8) 18. Qg5 Nh7 (18... cxd4 $11 19. exd4 (19. Rg1 Nh5 $14) 19... Qh5) 19. Qg3 $16 Bxe5 20. dxe5 Rf7 21. Nf3 $2 (21. O-O-O $16) 21... d4 $1 $15 22. cxd4 (22. exd4 Qc6 $17) 22... cxd4 {...Db5 ist eine echte Drohung.} 23. O-O $2 (23. Rh2 $11) 23... Qc6 $19 24. Kg2 {[%cal Bg1g2,Bg2h3,Bh3h2][%mdl 32] [#]} Qc2 $2 (24... g5 $1 $17 {[%mdl 512] Droht stark ...g4!} 25. Rae1 (25. hxg5 $2 Nxg5 26. Bg1 Qe4 $19) (25. fxg5 Rxf3) 25... Qe4) 25. Kh3 $11 dxe3 26. Bxe3 Qxb2 27. Nd4 {[%cal Bf3d4,Bd4b5,Bb5d6][%mdl 32]} Be4 28. Qf2 $132 {[%mdl 2048] Weiss has counterplay} Qa3 29. Kh2 Rc8 30. Rac1 Rxc1 31. Rxc1 Bd5 32. Nb5 Qxa2 33. Qxa2 Bxa2 34. Nd6 Rd7 ({Besser ist} 34... Rf8 $14) 35. Rc8+ $16 {[%mdl 1024] Weiss hat starke Kompensation.} Nf8 36. h5 Bb3 (36... Bd5 $16) 37. Kg3 $18 Bd5 38. Kh4 Ba2 $2 (38... Bb7) 39. Kg5 Bb1 40. h6 $2 ({Günstiger ist} 40. Bc1 $18) 40... gxh6+ $11 41. Kf6 Rg7 $2 {[%mdl 8192] [#]} (41... Bf5 $11 {und Schwarz steht sicher.}) 42. f5 $1 $18 exf5 {[#]} (42... Bxf5 $142 43. Rxf8+ Kxf8 44. Bxh6 (44. Nxf5 Rg8 $16) 44... Bg4 45. Bxg7+ Kg8) 43. Rxf8+ $1 {[%mdl 512]} Kxf8 44. Bxh6 Kg8 45. Bxg7 {[%mdl 4096] Endspiel} Ba2 46. Nxf5 {Beabsichtigt e6 und Matt.} a5 47. e6 {Weiß setzt Matt.} Bxe6 48. Kxe6 a4 49. Kf6 Kh7 50. Kf7 a3 51. Nh4 {Precision: Weiß = 49%, Schwarz = 20%.} 1-0

[Event "Botvinnik Cup 2018"]
[Site "Moscow"]
[Date "2018.08.12"]
[Round "5"]
[White "Korotylev, Alexey"]
[Black "Manukyan, Sevak N"]
[Result "1-0"]
[WhiteElo "2573"]
[BlackElo "1799"]
[Annotator "TA"]
[PlyCount "81"]
[EventDate "2018.08.10"]
[EventCountry "RUS"]
[SourceTitle "playchess.com"]
[Source "ChessBase"]
[SourceQuality "1"]

{[%evp 28,81,62,54,68,77,79,54,25,27,46,50,54,52,52,48,43,45,49,31,79,54,100,70,104,85,108,77,112,100,106,101,154,160,152,120,151,153,246,237,293,292,1006,977,836,795,5522,5506,29990,29991,29993,29994,29994,29995,29996,29997]} 1. Nf3 Nf6 2. c4 c5 3. g3 b6 4. Bg2 Bb7 5. O-O e6 6. b3 Be7 7. Bb2 O-O 8. e3 Nc6 9. Nc3 d5 10. cxd5 Nxd5 11. Nxd5 exd5 12. d4 Ba6 {A14: English Opening: 1...e6 with b3 by White} (12... a5 13. dxc5 bxc5 14. Qb1 Qd7 15. Rd1 Qe6 16. Bc3 Rfd8 17. Qb2 f6 18. Rac1 Rd7 19. h4 Rad8 20. Kh2 Qf5 21. Qe2 Rd6 22. Be1 c4 23. Nd4 Nxd4 24. Rxd4 Ba6 25. Bxa5 cxb3 26. Qd2 Rb8 27. axb3 {1-0 (27) Ramirez,A (2566)-Ibarra Chami,L (2436) Merida 2017}) 13. Re1 c4 14. bxc4 Bxc4 15. Nd2 {LiveBook: 10 Games} Rc8 16. Nxc4 dxc4 17. Qa4 $146 ({Predecessor:} 17. a3 Na5 18. Bc3 Nb3 19. Ra2 b5 20. Be4 {½-½ (78) Ochsner,B (2437)-Saptarshi,R (2425) Kolding 2017}) 17... Nb4 18. Bc3 b5 19. Qxb5 Nc2 20. Bh3 $36 {[%cal Bg2h3,Bh3d7,Bd7a4,Ba4b3][%mdl 2080] White fights for an advantage.} Nxe1 21. Rxe1 Rb8 22. Qxc4 Qb6 23. Bd7 Bf6 24. Qd3 Rfd8 25. Ba4 Rbc8 26. Qd2 Rd6 27. Bb3 h6 28. Rd1 Qb7 29. Bb4 Rb6 (29... Rd7 $142) 30. Bc5 $16 Rb5 31. Qe2 Rb8 32. e4 {[%cal Be3e4,Be4e5,Be5e6,Be6f7][%mdl 32]} a5 {[#]} (32... Qc7 $16 {might work better.} 33. Qc4 a5) 33. e5 $1 $18 {[%cal Re5f6]} Be7 34. e6 Bxc5 $2 (34... Rxb3 35. axb3 Bxc5) 35. exf7+ (35. dxc5 Rxb3 36. axb3 fxe6 $18) 35... Kf8 36. dxc5 {aiming for Re1.} Rxc5 37. Qd3 {[#] White wants to mate with Qd8+!} Qe7 38. Qh7 {[%cal Rh7h8] White mates.} Qe5 39. Rd7 {[%cal Rh7h8]} Rc1+ 40. Kg2 {[%cal Rh7h8]} Qe4+ 41. Qxe4 {Precision: White = 86%, Black = 33%.} 1-0

[Event "Botvinnik Cup 2018"]
[Site "Moscow"]
[Date "2018.08.12"]
[Round "5"]
[White "Korotylev, Alexey"]
[Black "Yedigaryan, Asya"]
[Result "1-0"]
[WhiteElo "2573"]
[BlackElo "1622"]
[Annotator "ChessBase"]
[PlyCount "109"]
[EventDate "2018.08.10"]
[EventCountry "RUS"]
[SourceTitle "playchess.com"]
[Source "ChessBase"]
[SourceQuality "1"]
[TimeControl "5400+30"]

1. d4 {[%emt 0:00:07]} Nf6 {[%emt 0:00:00]} 2. c4 {[%emt 0:00:29]} g6 {[%emt 0:00:00]} 3. Nc3 {[%emt 0:00:22]} Bg7 {[%emt 0:00:00]} 4. e4 {[%emt 0:00:24]} d6 {[%emt 0:00:00]} 5. Bd3 {[%emt 0:00:39]} O-O {[%emt 0:00:21]} 6. Nge2 {[%emt 0:00:03]} e5 {[%emt 0:00:39]} 7. d5 {[%emt 0:00:13]} Nbd7 {[%emt 0:00:18]} 8. O-O {[%emt 0:01:54]} Nc5 {[%emt 0:00:05]} 9. Bc2 {[%emt 0:00:24]} a5 10. f3 {[%emt 0:01:13]} Ne8 {[%emt 0:01:10]} 11. Be3 {[%emt 0:00:57]} b6 {[%emt 0:00:12]} 12. a3 {[%emt 0:02:22]} f5 {[%emt 0:07:06]} 13. exf5 {[%emt 0:01:08]} gxf5 {[%emt 0:00:57]} 14. b4 {[%emt 0:00:13]} Nd7 {[%emt 0:01:36]} 15. Rc1 {[%emt 0:07:22]} Rf7 {[%emt 0:16:27]} 16. Qd2 {[%emt 0:00:18]} Ndf6 {[%emt 0:00:47]} 17. Kh1 {[%emt 0:04:58]} Bf8 {[%emt 0:03:09]} 18. f4 {[%emt 0:02:18]} e4 {[%emt 0:01:30]} 19. Bd4 {[%emt 0:15:08]} Rg7 {[%emt 0:03:56]} 20. Nd1 {[%emt 0:01:07]} Rg6 {[%emt 0:01:32]} 21. h3 {[%emt 0:02:05]} Nh5 {[%emt 0:06:11]} 22. Qe1 {[%emt 0:00:28]} Be7 {[%emt 0:08:19]} 23. Bf2 {[%emt 0:05:54]} Bf6 {[%emt 0:02:14]} 24. Ne3 {[%emt 0:00:09]} axb4 {[%emt 0:04:54]} 25. axb4 {[%emt 0:00:12]} Ra3 {[%emt 0:00:04]} 26. Rg1 {[%emt 0:01:26]} Rh6 {[%emt 0:05:39]} 27. Rb1 {[%emt 0:02:35]} Nhg7 {[%emt 0:06:32]} 28. Bb3 {[%emt 0:00:21]} Bh4 {[%emt 0:01:37]} 29. Bxh4 {[%emt 0:00:15]} Qxh4 30. Qxh4 {[%emt 0:00:15]} Rxh4 {[%emt 0:00:33]} 31. Kh2 {[%emt 0:00:10]} Rh6 {[%emt 0:00:48]} 32. Nd4 {[%emt 0:02:48]} Bd7 {[%emt 0:01:14]} 33. Ra1 {[%emt 0:00:17]} Rxa1 {[%emt 0:00:10]} 34. Rxa1 {[%emt 0:00:04]} Kf7 {[%emt 0:01:46]} 35. Ba4 {[%emt 0:01:18]} Bxa4 {[%emt 0:00:38]} 36. Rxa4 {[%emt 0:06:34]} Rf6 {[%emt 0:00:09]} 37. Ra7 {[%emt 0:07:16]} Kg6 {[%emt 0:01:39]} 38. Ne2 {[%emt 0:01:16]} Rf7 {[%emt 0:01:04]} 39. Kg3 {[%emt 0:01:14]} c5 {[%emt 0:06:32]} 40. Ra8 {[%emt 0:03:15]} Rb7 {[%emt 0:03:26]} 41. b5 {[%emt 0:00:21]} Nc7 {[%emt 0:02:01]} 42. Rd8 {[%emt 0:00:04]} Nce8 {[%emt 0:00:07]} 43. Kf2 {[%emt 0:01:20]} Kf6 {[%emt 0:00:34]} 44. g4 {[%emt 0:04:02]} Ke7 {[%emt 0:03:48]} 45. Ra8 {[%emt 0:00:14]} Nc7 {[%emt 0:03:42]} 46. Rh8 {[%emt 0:00:57]} fxg4 {[%emt 0:01:15]} 47. hxg4 {[%emt 0:00:10]} Nce8 {[%emt 0:00:11]} 48. Rxh7 {[%emt 0:02:35]} Kf7 {[%emt 0:01:11]} 49. g5 {[%emt 0:01:21]} Kg8 {[%emt 0:00:27]} 50. Rh6 {[%emt 0:00:05]} Ra7 {[%emt 0:00:03]} 51. f5 {[%emt 0:00:27]} Ra3 {[%emt 0:00:09]} 52. Ng3 {[%emt 0:01:30]} Ra2+ {[%emt 0:00:13]} 53. Kg1 {[%emt 0:00:07]} Ra1+ {[%emt 0:00:07]} 54. Ngf1 {[%emt 0:00:11]} Rxf1+ {[%emt 0:00:25]} 55. Kxf1 {[%emt 0:00:07]} 1-0

[Event "Botvinnik Cup 2018"]
[Site "Moscow"]
[Date "2018.08.12"]
[Round "5"]
[White "Paichadze, Luka"]
[Black "Annageldiyev, Azatgeldi"]
[Result "1-0"]
[WhiteElo "2564"]
[BlackElo "1727"]
[Annotator "ChessBase"]
[PlyCount "97"]
[EventDate "2018.08.10"]
[EventCountry "RUS"]
[SourceTitle "playchess.com"]
[Source "ChessBase"]
[SourceQuality "1"]
[TimeControl "5400+30"]

1. e4 {[%emt 0:00:00]} c5 {[%emt 0:00:00]} 2. Nf3 {[%emt 0:00:00]} d6 {[%emt 0:00:00]} 3. d4 {[%emt 0:00:32]} cxd4 {[%emt 0:00:00]} 4. Qxd4 {[%emt 0:00:07]} Nc6 {[%emt 0:00:49]} 5. Bb5 {[%emt 0:00:06]} Bd7 {[%emt 0:00:05]} 6. Bxc6 {[%emt 0:00:22]} Bxc6 {[%emt 0:00:02]} 7. Nc3 {[%emt 0:00:10]} Nf6 {[%emt 0:01:30]} 8. Bg5 {[%emt 0:00:05]} e6 {[%emt 0:03:24]} 9. O-O-O {[%emt 0:04:28]} Be7 {[%emt 0:00:45]} 10. Rhe1 {[%emt 0:00:12]} Qa5 {[%emt 0:06:37]} 11. Kb1 {[%emt 0:00:53]} O-O {[%emt 0:04:48]} 12. Qd2 {[%emt 0:03:07]} Rfe8 {[%emt 0:08:22]} 13. Nd4 {[%emt 0:00:15]} Qb6 {[%emt 0:20:15]} 14. f3 {[%emt 0:00:47]} a5 {[%emt 0:04:02]} 15. a4 {[%emt 0:02:45]} Rac8 {[%emt 0:07:28]} 16. Ndb5 {[%emt 0:02:18]} Bxb5 {[%emt 0:13:45]} 17. Nxb5 {[%emt 0:05:56]} d5 {[%emt 0:03:41]} 18. Bxf6 {[%emt 0:08:35]} Bxf6 {[%emt 0:01:09]} 19. exd5 {[%emt 0:00:07]} exd5 {[%emt 0:02:10]} 20. Qxd5 {[%emt 0:04:00]} Rxe1 {[%emt 0:08:17]} 21. Rxe1 {[%emt 0:00:36]} Rd8 {[%emt 0:00:51]} 22. Qd6 {[%emt 0:03:07]} Qxd6 {[%emt 0:05:51]} 23. Nxd6 {[%emt 0:00:43]} b6 {[%emt 0:03:24]} 24. Nc4 {[%emt 0:00:51]} Bd4 {[%emt 0:02:27]} 25. Rd1 {[%emt 0:00:48]} Bf6 {[%emt 0:00:13]} 26. Rxd8+ {[%emt 0:08:31]} Bxd8 {[%emt 0:00:03]} 27. Kc1 {[%emt 0:00:08]} f5 {[%emt 0:01:53]} 28. Kd2 {[%emt 0:01:02]} Kf7 {[%emt 0:00:24]} 29. Kd3 {[%emt 0:01:30]} Ke6 {[%emt 0:00:23]} 30. c3 {[%emt 0:01:00]} h5 {[%emt 0:01:45]} 31. b4 {[%emt 0:00:27]} h4 {[%emt 0:00:23]} 32. bxa5 {[%emt 0:00:56]} bxa5 {[%emt 0:00:02]} 33. Nd2 {[%emt 0:00:16]} Bc7 {[%emt 0:00:41]} 34. Nf1 {[%emt 0:00:51]} g5 {[%emt 0:00:35]} 35. Kc4 {[%emt 0:01:39]} Be5 {[%emt 0:00:31]} 36. Kd3 {[%emt 0:00:55]} Bc7 {[%emt 0:00:52]} 37. c4 {[%emt 0:00:35]} Be5 {[%emt 0:00:27]} 38. h3 {[%emt 0:00:18]} Kd6 {[%emt 0:00:33]} 39. Ne3 {[%emt 0:00:20]} f4 {[%emt 0:00:28]} 40. Ng4 {[%emt 0:02:11]} Bg7 {[%emt 0:00:29]} 41. Nf2 {[%emt 0:00:43]} Ke5 {[%emt 0:00:35]} 42. Ne4 {[%emt 0:00:08]} Bh6 {[%emt 0:00:30]} 43. Nc5 {[%emt 0:00:03]} Kd6 {[%emt 0:00:30]} 44. Nb3 {[%emt 0:00:01]} Bf8 {[%emt 0:00:29]} 45. Nxa5 {[%emt 0:01:05]} Kc5 {[%emt 0:00:17]} 46. Nb7+ {[%emt 0:00:19]} Kb6 {[%emt 0:00:37]} 47. Nd8 {[%emt 0:00:06]} Ka5 {[%emt 0:00:17]} 48. Ne6 {[%emt 0:00:03]} Be7 {[%emt 0:00:06]} 49. c5 {[%emt 0:00:05]} 1-0

[Event "Botvinnik Cup 2018"]
[Site "Moscow"]
[Date "2018.08.12"]
[Round "5"]
[White "Paichadze, Luka"]
[Black "Saryev, Azim"]
[Result "1-0"]
[WhiteElo "2564"]
[BlackElo "1586"]
[Annotator "ChessBase"]
[PlyCount "85"]
[EventDate "2018.08.10"]
[EventCountry "RUS"]
[SourceTitle "playchess.com"]
[Source "ChessBase"]
[SourceQuality "1"]
[TimeControl "5400+30"]

1. e4 {[%emt 0:00:00]} e6 {[%emt 0:00:10]} 2. b3 {[%emt 0:00:00]} d5 {[%emt 0:00:16]} 3. Bb2 {[%emt 0:00:00]} Nf6 {[%emt 0:01:55]} 4. e5 {[%emt 0:00:00]} Nfd7 {[%emt 0:00:09]} 5. f4 {[%emt 0:00:00]} c5 {[%emt 0:00:21]} 6. Qg4 {[%emt 0:00:00]} h5 {[%emt 0:22:00]} 7. Qh3 {[%emt 0:00:27]} g6 {[%emt 0:01:21]} 8. Nf3 {[%emt 0:00:42]} Nc6 {[%emt 0:20:41]} 9. Be2 {[%emt 0:03:02]} d4 {[%emt 0:17:30]} 10. O-O {[%emt 0:01:52]} Nb6 {[%emt 0:06:11]} 11. c4 {[%emt 0:01:24]} a5 {[%emt 0:02:41]} 12. Na3 {[%emt 0:02:13]} Bd7 {[%emt 0:04:24]} 13. Nb5 {[%emt 0:07:49]} Nb4 {[%emt 0:05:47]} 14. a4 {[%emt 0:11:22]} Bc6 {[%emt 0:01:52]} 15. Ng5 {[%emt 0:06:38]} Qd7 {[%emt 0:05:41]} 16. Bf3 {[%emt 0:03:02]} Be7 {[%emt 0:02:10]} 17. Ne4 {[%emt 0:00:01]} Bxe4 {[%emt 0:00:42]} 18. Bxe4 {[%emt 0:00:05]} O-O-O {[%emt 0:00:55]} 19. Ba3 {[%emt 0:00:17]} Na6 {[%emt 0:02:40]} 20. Qg3 {[%emt 0:01:55]} Kb8 {[%emt 0:00:26]} 21. d3 {[%emt 0:00:53]} Rhg8 {[%emt 0:00:31]} 22. Qe1 {[%emt 0:00:24]} Nb4 {[%emt 0:00:43]} 23. Bxb4 {[%emt 0:00:39]} cxb4 {[%emt 0:00:21]} 24. Rc1 {[%emt 0:00:40]} Bc5 {[%emt 0:00:11]} 25. Kf2 {[%emt 0:00:47]} Rh8 {[%emt 0:00:29]} 26. Ke2 {[%emt 0:03:41]} Rhg8 {[%emt 0:00:50]} 27. Kd2 {[%emt 0:00:32]} Rc8 {[%emt 0:01:23]} 28. Kc2 {[%emt 0:00:13]} Rh8 {[%emt 0:00:04]} 29. g3 {[%emt 0:03:34]} Rhg8 {[%emt 0:00:06]} 30. h3 {[%emt 0:00:30]} Rh8 {[%emt 0:00:12]} 31. Qe2 {[%emt 0:00:15]} Rh6 {[%emt 0:00:37]} 32. Rf2 {[%emt 0:00:12]} Rch8 {[%emt 0:00:18]} 33. Rcf1 {[%emt 0:01:01]} Rf8 {[%emt 0:00:53]} 34. Qf3 {[%emt 0:01:00]} Rhh8 {[%emt 0:00:24]} 35. g4 {[%emt 0:00:50]} h4 {[%emt 0:01:41]} 36. f5 {[%emt 0:00:44]} g5 {[%emt 0:00:06]} 37. fxe6 {[%emt 0:00:43]} fxe6 {[%emt 0:00:09]} 38. Qxf8+ {[%emt 0:00:42]} Rxf8 {[%emt 0:00:58]} 39. Rxf8+ {[%emt 0:00:03]} Bxf8 {[%emt 0:00:05]} 40. Rxf8+ {[%emt 0:00:04]} Nc8 {[%emt 0:00:20]} 41. Nd6 {[%emt 0:00:09]} Ka7 {[%emt 0:01:12]} 42. Rxc8 {[%emt 0:09:52]} Qg7 {[%emt 0:00:52]} 43. c5 {[%emt 0:00:10]} 1-0